| 000 | 00347pam a2200145 a 4500 | ||
|---|---|---|---|
| 020 | _c | ||
| 041 | _h | ||
| 100 |
_aR D STACEY, _eAuthor |
||
| 245 |
_aCOMPLEXITY AND MANAGEMENT _cR D STACEY, _hTextual Documents |
||
| 260 |
_aHyderabad _bicfai |
||
| 300 | _a223 | ||
| 653 | _aManagement | ||
| 700 |
_aDOUGLAS GRIFFIN _eCo-Author |
||
| 930 | _a851 | ||
| 999 |
_c228252 _d228252 |
||